000 00530nam a2200181Ia 4500
008 090124s9999 xx 000 0 und d
082 _b44961
100 _aमारुलकर दत्ता
245 _a आठव मैफलींचा
250 _a1
260 _c2006
300 _a176
600 _aमारुलकर दत्ता
630 _a आठव मैफलींचा
700 _aमारुलकर दत्ता
730 _a आठव मैफलींचा
942 _cBOOK
999 _c111183
_d111183